Statystyki dla JAKI SPORT UPRAWIA SIĘ NA HALI?

Kliknij tutaj aby rozwiązać quiz!

Ogólne statystyki

  • Ten quiz został rozwiązany 91 razy
  • Średni wynik to 3 z 5

Statystyki odpowiedzi

Odpowiedź% Poprawnych
PIŁKA RĘCZNA
85%
KOSZYKÓWKA
84%
FUTSAL
55%
TENIS STOŁOWY
34%
SIATKÓWKA HALOWA
6%

Rozkład punktacji

Percentyl według liczby udzielonych odpowiedzi

Procent ludzi z każdym wynikiem

Twoja historia wyników

Nie rozwiązałeś tego quizu